000 00625nam a22002417a 4500
003 UA-OsUOA
001 28628
007 ta
008 20050414b un ||||| |||| 00| 0 ukr d
100 _aВасильев А .Ф.
090 _a94(47+57)
_bВ19
942 _cBK
040 _aUA-OsUOA
_brus
_cUA-OsUOA
_dUA-OsUOA
245 _aПромышленность Урала в годы Великой Отечественной войны 1941-1945
300 _a280 с.
955 _a0
041 _arus
080 _a94(47+57)
260 _aМ.
_bНаука
_c1982
044 _aRU
650 7 _2UDC
999 _c314997
_d314997